| 000 | 00678cam a22002293a 4500 | ||
|---|---|---|---|
| 001 | 23709 | ||
| 003 | PGUSA | ||
| 005 | 20140828083515.0 | ||
| 008 | 071201s2007||||xxu|||||s|||||000 | eng d | ||
| 040 |
_aPGUSA _beng |
||
| 042 | _adc | ||
| 050 | 4 | _aQL | |
| 100 | 1 |
_aBurgess, Thornton W. _q(Thornton Waldo), _d1874-1965 |
|
| 245 | 1 | 4 |
_aThe Burgess Bird Book for Children _h[electronic resource] / _cThornton W. Burgess |
| 260 |
_bProject Gutenberg, _c2007 |
||
| 506 | _aPublic domain in the USA. | ||
| 516 | _aElectronic text | ||
| 653 | _aBirds -- Juvenile literature | ||
| 830 | 0 |
_aProject Gutenberg _v23709 |
|
| 856 | 4 | 0 | _uhttp://www.gutenberg.org/ebooks/23709 |
| 942 | _cEB | ||
| 999 |
_c252964 _d252964 |
||